000 00429nam a2200145Ia 4500
008 151021s9999 xx 000 0 und d
020 _a9.7807456015e+012
050 _aHN 390.W48 1989
245 _a_Social Policy a critical introduction
260 _aU S A Blackwell Inc. 1989
300 _axvii,229p. 22cm
500 _aincludes index,bibliography
650 _a_social policies
980 _a^d20110111 04:59:09^okilerai
999 _c5359
_d5359